000
00304nam a2200121 a 4500
001
000046055
005
20201002052616.0
008
150616s1900 000 spa d
040
_a
DO-SdBNP
_b
spa
_c
BNPHU
245
3
_a
El plan de marketing.
260
_a
Santo Domingo,
_c
1900?
300
_a
s. l. ;
_c
22 cm.
999
_c
45544
_d
45544